Traité de droit romain / (Record no. 164854)
[ view plain ]
| 000 -LEADER | |
|---|---|
| campo de control de longitud fija | 01017nam a2200229 i 4500 |
| 001 - NÚMERO DE CONTROL | |
| campo de control | 164854 |
| 003 - IDENTIFICADOR DE NÚMERO DE CONTROL | |
| campo de control | ES-MaACL |
| 005 - FECHA Y HORA DE LA ÚLTIMA TRANSACCIÓN | |
| campo de control | 20250723061852.0 |
| 008 - DATOS DE LONGITUD FIJA--INFORMACIÓN GENERAL | |
| campo de control de longitud fija | 990108m18401851fr |||| | fre d |
| 040 ## - FUENTE DE CATALOGACIÓN | |
| Centro catalogador/agencia de origen | CCPB | B |
| Lengua de catalogación | spa |
| Centro/agencia transcriptor | CCPB | B |
| 100 1# - ENTRADA PRINCIPAL--NOMBRE DE PERSONA | |
| Nombre de persona | Savigny, Friedrich Carl von, |
| Fechas asociadas al nombre | 1779-1861 |
| 9 (RLIN) | 104070 |
| 245 10 - MENCIÓN DEL TÍTULO | |
| Título | Traité de droit romain / |
| Mención de responsabilidad, etc. | par M. F. C. de Savigny ; traduit de l´allemand par M. Ch. Guenoux. |
| 260 ## - PUBLICACIÓN, DISTRIBUCIÓN, ETC. | |
| Lugar de publicación, distribución, etc. | Paris : |
| Nombre del editor, distribuidor, etc. | Firmin Didot Frères, Libraires, |
| Fecha de publicación, distribución, etc. | 1840-1851. |
| 300 ## - DESCRIPCIÓN FÍSICA | |
| Extensión | 8 v. ; |
| Dimensiones | 21 cm. |
| 597 ## - NOTA DE DESCRIPCIÓN FÍSICA | |
| NOTA DE DESCRIPCIÓN FÍSICA | Antep. |
| 597 ## - NOTA DE DESCRIPCIÓN FÍSICA | |
| NOTA DE DESCRIPCIÓN FÍSICA | Texto con apostillas marginales. |
| 650 07 - PUNTO DE ACCESO ADICIONAL DE MATERIA--TÉRMINO DE MATERIA | |
| Término de materia o nombre geográfico como elemento de entrada | Derecho romano |
| Fuente del encabezamiento o término | embne |
| 9 (RLIN) | 11764 |
| 700 1# - ENTRADA AGREGADA--NOMBRE PERSONAL | |
| Nombre de persona | Guenoux, Charles. |
| 9 (RLIN) | 127597 |
| 852 ## - LOCALIZACIÓN | |
| Ubicación | ES-MaACL |
| Número de control de estantería | F-14153-60 |
| Nota libre | -- Enc. pasta españoal |
| condición física | -- Falto de la port. el t.III |
| Encuadernación | -- Edic.: T.I, 1840 (XLVI, 421 p.) - T.II, 1841 (504 p.) - T.III, (VII, 404 p.) - T.IV, 1845 (613 p.) - T.V, 1846 (621 p.) - T.VI, 1849 (528 p.) - T.VII, 1850 (307 p.) - T.VIII, 1851 (532 p.) |
| Estatus retirado | Estado de pérdida | Estado de daño | No para préstamo | Colección | Biblioteca de origen | Biblioteca actual | Ubicación en estantería | Fecha de adquisición | Total de préstamos | Signatura topográfica completa | Código de barras | Visto por última vez | Precio de reemplazo | Tipo de ítem Koha |
|---|---|---|---|---|---|---|---|---|---|---|---|---|---|---|
| Libros del s. XIX | Biblioteca del Ateneo de Madrid | Biblioteca del Ateneo de Madrid | Sala Pecera Planta 2 | 17/01/2008 | F-14153-60 | 1172815 | 23/02/2023 | 23/02/2023 | Libro impreso antiguo |
